000 03659cam a2200349 a 4500
001 15078674
003 Nust- CAS-E
005 20180118181404.0
008 071113s2008 njua b 001 0 eng
010 _a 2007046855
020 _a9780471689584 (cloth)
020 _a0471689580 (cloth)
035 _a(OCoLC)ocn181517172
035 _a(OCoLC)181517172
040 _aDLC
_cDLC
_dBAKER
_dC#P
_dYDXCP
_dOUP
_dDLC
050 0 0 _aTK2931
_b.M46 2008
082 0 0 _a621.312429
_222
_bMEN 2008
100 1 _aMench, Matthew M.
245 1 0 _aFuel cell engines /
_cMatthew M. Mench.
260 _aHoboken, N.J. :
_bJohn Wiley & Sons,
_cc2008.
300 _axi, 515 p. :
_bill. ;
_c25 cm.
502 _a0
504 _aIncludes bibliographical references and index.
505 0 _a1. Introduction to Fuel Cells -- Preliminary remarks -- Fuel cells as electrochemical engines -- Generic fuel cell and stack -- Classification of fuel cells -- Potential fuel cell applications and markets -- History of fuel cell development -- Summary -- 2. Basic Electrochemical Principles -- Electrochemical versus chemical reactions -- Electrochemical reaction -- Scientific units, constants, and basic laws -- Faraday's Laws: consumption and production of species -- Measures of reactant utilization efficiency -- The generic fuel cell -- Summary -- 3. Thermodynamics of Fuel Cell Systems -- Physical nature of thermodynamic variables -- Heat of formation, sensible enthalpy, and latent heat -- Determination of change in enthalpy for nonreacting species and mixtures -- Determination of change in enthalpy for reacting species and mixtures -- Psychrometrics: thermodynamics of moist air mixtures -- Thermodynamic efficiency of a fuel cell -- Maximum expected open-circuit voltage: Nernst voltage -- Summary -- 4. Performance Characterization of Fuel Cell Systems -- Polarization curve -- Region I: activation polarization -- Region II: ohmic polarization -- Region III: concentration polarization -- Region IV: other polarization losses -- Polarization curve model summary -- Summary -- 5. Transport in Fuel Cell Systems -- Ion transport in an electrolyte -- Electron transport -- Gas-phase mass transport -- Single-phase flow in channels -- Multiphase mass transport in channels and porous media -- Heat generation and transport -- Summary -- 6. Polymer Electrolyte Fuel Cells -- Hydrogen PEFC -- Water balance in PEFC -- PEFC flow field configurations and stack design -- Direct alcohol polymer electrolyte cells -- PEFC degradation -- Multidimensional effects -- Summary -- 7. Other Fuel Cells -- Solid oxide fuel cells -- Molten carbonate fuel cells -- Phosphoric acid fuel cells -- Alkaline fuel cells -- Biological and other fuel cells -- Summary -- 8. Hydrogen Storage, Generation, and Delivery -- Modes of storage -- Modes of generation -- Hydrogen delivery -- Overall hydrogen infrastructure development -- Summary -- 9. Experimental Diagnostics and Diagnosis -- Electrochemical methods to understand polarization curve losses -- Physical probes and visualization -- Degradation measurements -- Summary.
650 0 _aFuel cells.
856 4 2 _3Contributor biographical information
_uhttp://www.loc.gov/catdir/enhancements/fy0805/2007046855-b.html
856 4 2 _3Publisher description
_uhttp://www.loc.gov/catdir/enhancements/fy0805/2007046855-d.html
856 4 1 _3Table of contents only
_uhttp://www.loc.gov/catdir/enhancements/fy0805/2007046855-t.html
906 _a7
_bcbc
_corignew
_d1
_eecip
_f20
_gy-gencatlg
942 _2ddc
_cBK
999 _c355511
_d355511